Statistics for Heaviest Land Animals

Click here to take the quiz!

General Stats

  • This quiz has been taken 52 times
  • The average score is 9 of 20

Answer Stats

AnswerFamilyWeight (pounds)% Correct
African bush elephantElephantidae11,500 - 17,600
100%
African forest elephantElephantidae3,700 - 8,800
95%
GiraffeGiraffidae1,500 - 3,100
91%
HippopotamusHippopotamidae2,670 - 5,860
91%
Asian elephantElephantidae5,300 - 11,00
84%
White rhinocerosRhinocerotidae6,600 - 7,900
63%
American bisonBovidae1,190 - 2,650
58%
Black rhinocerosRhinocerotidae1,874 - 6,385
53%
Domestic yakBovidae660 - 2,200
40%
Wild water buffaloBovidae1,300 - 2,600
40%
Wild yakBovidae1,100 - 2,600
40%
GaurBovidae970 - 3,310
28%
Indian rhinocerosRhinocerotidae4,560 - 6,610
26%
Javan rhinocerosRhinocerotidae2,000 - 5,100
26%
Sumatran rhinocerosRhinocerotidae1,100 - 2,200
19%
Common elandBovidae880 - 2,200
16%
Giant elandBovidae880 - 2,650
9%
BantengBovidae1,300 - 1,980
7%
KoupreyBovidae1,500 - 2,010
5%
GayalBovidae1,430 - 2,200
2%

Score Distribution

Percentile by Number Answered

Percent of People with Each Score

Your Score History

You have not taken this quiz